[Event "ICS rated standard match"]
[Site "204.178.125.65"]
[Date "2000.05.28"]
[Round "?"]
[White "star"]
[Black "Hossa"]
[Result "1-0"]
[WhiteElo "2580"]
[BlackElo "2307"]
[PlyCount "99"]
[EventDate "2000.??.??"]

1. d4 Nf6 2. c4 c5 3. d5 g6 4. Nc3 Bg7 5. e4 d6 6. Be2 O-O 7. Bg5 e6 8. Qd2
exd5 9. exd5 Re8 10. Nf3 Nbd7 11. O-O Nb6 12. Rfe1 Bf5 13. a4 Qc7 14. a5 Nc8
15. Nh4 Bd7 16. Qf4 Qd8 17. Ne4 Nxd5 18. cxd5 Rxe4 19. Qxe4 Qxg5 20. Nf3 Qd8
21. Ra2 b6 22. a6 Ne7 23. Bc4 Nf5 24. Qd3 Nd4 25. Nxd4 cxd4 26. Bb5 Bf5 27. Qd2
Qh4 28. Ra4 Rf8 29. Bd3 Bc8 30. Raa1 Bd7 31. Qb4 Be5 32. g3 Qg5 33. Rac1 Bh3
34. Rc7 Ra8 35. Qa4 Qd2 36. Rd1 Qg5 37. Qc6 Qd8 38. Qb7 Bc8 39. Rdc1 Bh3 40.
Rxf7 Rb8 41. Qxa7 Ra8 42. Qb7 Rb8 43. a7 Rxb7 44. Rxb7 Bc8 45. a8=Q Bg7 46.
Rxc8 Qf8 47. Rxf8+ Bxf8 48. Qe8 b5 49. Qf7+ Kh8 50. Qxf8# {Hossa checkmated}
1-0

[Event "ICS rated blitz match"]
[Site "204.178.125.65"]
[Date "2000.05.28"]
[Round "?"]
[White "Hossa"]
[Black "SpeedyPC"]
[Result "0-1"]
[WhiteElo "2475"]
[BlackElo "2480"]
[PlyCount "104"]
[EventDate "2000.??.??"]

1. d4 f5 2. g3 Nf6 3. Bg2 g6 4. c4 Bg7 5. Nf3 O-O 6. Nc3 d6 7. h4 c5 8. dxc5
dxc5 9. Bf4 Qb6 10. Na4 Qa5+ 11. Bd2 Qa6 12. Nxc5 Qxc4 13. Nd3 Ne4 14. h5 gxh5
15. Nfe5 Qd5 16. Bf4 a5 17. Rxh5 Be6 18. Ng4 Nd7 19. Kf1 Qd4 20. Nh6+ Kh8 21.
Kg1 Qf6 22. Be3 a4 23. Bxe4 fxe4 24. Nf4 a3 25. Nxe6 axb2 26. Rb1 Qxe6 27. a4
Ne5 28. Bd4 Ra5 29. Rxb2 Nf3+ 30. exf3 Rxh5 31. Bxg7+ Kxg7 32. Qd4+ Rf6 33. Ng4
exf3 34. Rb1 Kf7 35. Qb4 Rg6 36. Qf4+ Kg8 37. Ne3 Rgh6 38. Qxf3 Rh1+ 39. Qxh1
Rxh1+ 40. Kxh1 Qe4+ 41. Kh2 Qxb1 42. a5 Qb4 43. g4 Qxa5 44. Kg3 b5 45. g5 b4
46. Ng4 b3 47. f4 b2 48. Nh6+ Kf8 49. Kf3 b1=Q 50. Nf5 Qaxf5 51. Kg2 Qg4+ 52.
Kf2 Qbg1# {Hossa checkmated} 0-1

[Event "ICS rated standard match"]
[Site "204.178.125.65"]
[Date "2000.05.28"]
[Round "?"]
[White "Hossa"]
[Black "SpaceChess"]
[Result "1/2-1/2"]
[WhiteElo "2301"]
[BlackElo "2356"]
[PlyCount "153"]
[EventDate "2000.??.??"]

1. d4 d5 2. Nf3 Nf6 3. Bg5 Ne4 4. Bf4 c5 5. dxc5 Nc6 6. Nbd2 Nxc5 7. e3 f6 8.
Be2 e5 9. Bg3 Be7 10. O-O O-O 11. c4 d4 12. exd4 exd4 13. Qc1 d3 14. Bd1 f5 15.
Bf4 g5 16. Be3 g4 17. Bxc5 Bxc5 18. Ne1 Be6 19. Nb3 Bb4 20. Qf4 Re8 21. Nxd3
Qxd3 22. Qg5+ Kf7 23. Qh5+ Kf6 24. Qh6+ Ke7 25. Qxh7+ Bf7 26. Bxg4 Rh8 27. Qxf5
Qxf5 28. Bxf5 Rag8 29. Rac1 Rh4 30. a3 Kf6 31. Bd3 Bd6 32. g3 Ne5 33. Be2 Nxc4
34. Rfd1 Be5 35. Kh1 Nxb2 36. gxh4 Bxb3 37. Rg1 Bd5+ 38. f3 Rh8 39. Rg4 Nd3 40.
Bxd3 Bxf3+ 41. Rg2 Rxh4 42. Kg1 Bxg2 43. Kxg2 Rxh2+ 44. Kg1 Rh3 45. Rd1 Kg5 46.
a4 Kf4 47. Bb5 a6 48. Bd7 Rh7 49. Kg2 Ke4 50. Re1+ Kd5 51. Rd1+ Bd4 52. Be6+
Kxe6 53. Rxd4 b5 54. axb5 axb5 55. Kf3 Rb7 56. Re4+ Kd5 57. Ke3 b4 58. Rd4+ Kc5
59. Kd3 Rb8 60. Rc4+ Kb5 61. Rc7 Rb6 62. Kc2 Rc6+ 63. Rxc6 Kxc6 64. Kb2 Kb5 65.
Kb3 Ka5 66. Kb2 Ka4 67. Ka2 b3+ 68. Kb2 Kb4 69. Kb1 Kc5 70. Kb2 Kc4 71. Kb1 Kb4
72. Kb2 Ka4 73. Kb1 Ka3 74. Ka1 b2+ 75. Kb1 Ka4 76. Ka2 b1=R 77. Kxb1 1/2-1/2

[Event "ICS rated standard match"]
[Site "204.178.125.65"]
[Date "2000.05.28"]
[Round "?"]
[White "SpaceChess"]
[Black "Hossa"]
[Result "1-0"]
[WhiteElo "2353"]
[BlackElo "2304"]
[PlyCount "85"]
[EventDate "2000.??.??"]

1. e4 c5 2. Nf3 d6 3. d4 Nf6 4. dxc5 Qa5+ 5. c3 Qxc5 6. h3 Nbd7 7. Be3 Qc6 8.
Nd4 Qxe4 9. Nb5 Qc6 10. Nxa7 Rxa7 11. Bxa7 b6 12. Na3 e6 13. Qd4 Qb7 14. Nb5 d5
15. Be2 e5 16. Qd3 Bc5 17. O-O O-O 18. b4 Be7 19. a4 e4 20. Qe3 d4 21. Qxd4 Nd5
22. Qxe4 Bf6 23. Bf3 Nxc3 24. Qxb7 Bxb7 25. Bxb7 Ne2+ 26. Kh2 Bxa1 27. Rxa1 Nf4
28. Rd1 Ne5 29. Bxb6 Nc4 30. Bc5 Nb2 31. Bxf8 Nxd1 32. Bd6 Ne2 33. a5 g5 34. a6
Nxf2 35. a7 Kg7 36. a8=Q Nf4 37. Bf8+ Kg6 38. Be4+ Kh5 39. Qa7 Nxe4 40. Qxf7+
Kh4 41. Nd4 Nxh3 42. Nf3+ Kg4 43. gxh3# {Hossa checkmated} 1-0

[Event "ICS rated standard match"]
[Site "204.178.125.65"]
[Date "2000.05.28"]
[Round "?"]
[White "Hossa"]
[Black "Pacino"]
[Result "1/2-1/2"]
[WhiteElo "2290"]
[BlackElo "2016"]
[PlyCount "59"]
[EventDate "2000.??.??"]

1. e4 e6 2. Nf3 d5 3. exd5 exd5 4. Bb5+ c6 5. Be2 Bd6 6. d3 Bf5 7. Nd4 Bg6 8.
h4 h6 9. h5 Bh7 10. Nc3 Nd7 11. Be3 Qf6 12. Bg4 O-O-O 13. Nf3 Kb8 14. Bh3 Ne7
15. Qe2 Ne5 16. Nd2 Nf5 17. O-O-O Rhe8 18. Bxf5 Bxf5 19. Rde1 Ng4 20. Qf3 Nxe3
21. fxe3 Qg5 22. Kb1 Bg4 23. Qxf7 Rxe3 24. Rxe3 Qxe3 25. Qxg7 Bxh5 26. Nb3 Bf4
27. Na5 Bc7 28. Nb3 Bf4 29. Na5 Bc7 30. Nb3 1/2-1/2

[Event "ICS rated standard match"]
[Site "204.178.125.65"]
[Date "2000.05.28"]
[Round "?"]
[White "chuda"]
[Black "Hossa"]
[Result "0-1"]
[WhiteElo "1992"]
[BlackElo "2283"]
[PlyCount "41"]
[EventDate "2000.??.??"]

1. e4 c5 2. Nf3 Nc6 3. d4 cxd4 4. Nxd4 g6 5. c4 Bg7 6. Be3 Nf6 7. Nc3 O-O 8.
Be2 b6 9. f3 Nxd4 10. Bxd4 d6 11. O-O Bb7 12. Kh1 Rc8 13. Rc1 Nh5 14. Be3 Qd7
15. b3 f5 16. exf5 Qxf5 17. Bd3 Qd7 18. Be2 Nf4 19. Bxf4 Rxf4 20. Nd5 Rf7 21.
Qc2 {chuda resigns} 0-1

[Event "ICS rated standard match"]
[Site "204.178.125.65"]
[Date "2000.05.28"]
[Round "?"]
[White "MrScizzers"]
[Black "Hossa"]
[Result "0-1"]
[WhiteElo "2160"]
[BlackElo "2293"]
[PlyCount "76"]
[EventDate "2000.??.??"]

1. e4 c5 2. Nf3 Nc6 3. d4 cxd4 4. Nxd4 g6 5. Nc3 Bg7 6. Be3 d6 7. Qd2 Nf6 8. f3
O-O 9. Bc4 Nxd4 10. Bxd4 Bd7 11. g4 Rc8 12. Bb3 Qa5 13. h4 Be6 14. h5 Bxb3 15.
cxb3 Qd8 16. hxg6 fxg6 17. O-O-O Qa5 18. Kb1 Rf7 19. Qh2 Bh8 20. Qh4 Qa6 21. f4
Qc6 22. f5 Nxe4 23. Bxh8 Kxh8 24. fxg6 Nxc3+ 25. bxc3 Qe4+ 26. Ka1 Qxg6 27. Rh3
Qc2 28. Rdh1 Rxc3 29. R3h2 Qd3 30. g5 Rf1+ 31. Kb2 Rxh1 32. Rxh1 Rc2+ 33. Ka3
Qa6+ 34. Kb4 Qb6+ 35. Ka3 Qc5+ 36. b4 Qc3+ 37. Ka4 Rxa2+ 38. Kb5 Qc6# 0-1

[Event "ICS rated standard match"]
[Site "204.178.125.65"]
[Date "2000.05.28"]
[Round "?"]
[White "Hossa"]
[Black "Amateur"]
[Result "0-1"]
[WhiteElo "2298"]
[BlackElo "2318"]
[PlyCount "134"]
[EventDate "2000.??.??"]

1. e4 e5 2. d4 exd4 3. Qxd4 Nc6 4. Qd1 Nf6 5. Nc3 Bb4 6. Bg5 Qe7 7. f3 d5 8.
Bxf6 Qxf6 9. exd5 Bxc3+ 10. bxc3 Qxc3+ 11. Kf2 Qc5+ 12. Kg3 Ne7 13. Qd3 O-O 14.
c4 Re8 15. Qd2 Nf5+ 16. Kh3 Qd6 17. g4 Qf6 18. gxf5 Bxf5+ 19. Kg2 Qxa1 20. Ne2
Bd7 21. Rg1 Qf6 22. Ng3 Qh4 23. Kh1 f6 24. Qb2 b6 25. Ne4 Kh8 26. Qg2 Qh6 27.
Qg3 Re5 28. Bd3 Rc8 29. Qf2 Rce8 30. Bb1 R8e7 31. Qg3 Be8 32. Bc2 Bh5 33. Qf2
Qf4 34. Rf1 f5 35. Ng3 Bg6 36. Bd3 Re3 37. Ne2 Qh6 38. Nc1 a6 39. Qg2 a5 40. a4
Re8 41. Be2 Bh5 42. Rg1 Rc3 43. Nd3 Rxc4 44. Ne1 Rc1 45. h3 Bf7 46. d6 cxd6 47.
Kh2 Bb3 48. Kh1 Ra1 49. Rf1 Ra2 50. Rf2 Qd2 51. Kg1 Qxe1+ 52. Bf1 Rxf2 53. Qxf2
Bc4 54. h4 Re2 55. Qxe1 Rxe1 56. Kf2 Rxf1+ 57. Ke3 Ra1 58. f4 Bf7 59. h5 Bxh5
60. Kf2 Rxa4 61. Kg2 Ra2+ 62. Kh3 Bd1 63. Kg3 Bg4 64. Kh4 Rg2 65. Kg5 Rg3 66.
Kh4 Rh3+ 67. Kg5 Rh5# {Hossa checkmated} 0-1

[Event "ICS rated standard match"]
[Site "204.178.125.65"]
[Date "2000.05.28"]
[Round "?"]
[White "Helenos"]
[Black "Hossa"]
[Result "0-1"]
[WhiteElo "2129"]
[BlackElo "2283"]
[PlyCount "44"]
[EventDate "2000.??.??"]

1. e4 c5 2. d4 cxd4 3. c3 dxc3 4. Nxc3 Nc6 5. Nf3 e6 6. Bc4 Qc7 7. Qe2 Bb4 8.
Bd2 a6 9. O-O d6 10. Rac1 Nge7 11. a3 Bxc3 12. Bxc3 O-O 13. Rfd1 b6 14. Ba2 Bb7
15. Ng5 h6 16. Nh3 Rad8 17. Qh5 Qb8 18. Rd3 Ne5 19. Re3 N5g6 20. f4 d5 21. Bxg7
Kxg7 22. Rg3 dxe4 {Helenos resigns} 0-1

[Event "ICS rated standard match"]
[Site "204.178.125.65"]
[Date "2000.05.28"]
[Round "?"]
[White "Hossa"]
[Black "PostModernist"]
[Result "1-0"]
[WhiteElo "2292"]
[BlackElo "2324"]
[PlyCount "125"]
[EventDate "2000.??.??"]

1. e4 c5 2. Nf3 d6 3. d4 Nf6 4. dxc5 Nxe4 5. cxd6 Nc6 6. Be3 Qxd6 7. Qxd6 exd6
8. Bd3 Nc5 9. Bb5 Bf5 10. Nc3 Bxc2 11. Nd4 Bg6 12. Nxc6 a6 13. Bxc5 axb5 14.
Nxb5 Kd7 15. Bxd6 Bxd6 16. Nxd6 Kxc6 17. Nc4 Rhe8+ 18. Ne3 Bd3 19. Kd2 Rad8 20.
Rac1+ Kb6 21. Kc3 Be2 22. Rhe1 Rd3+ 23. Kc2 Rc8+ 24. Kb1 Rxc1+ 25. Kxc1 Bh5 26.
Nf5 g5 27. h3 Rd7 28. Ne7 f6 29. b3 Bf7 30. Kc2 h5 31. Kc3 Rc7+ 32. Kb2 Rd7 33.
Re2 Rd3 34. Kc2 Rd7 35. Nf5 Bd5 36. f3 h4 37. Re1 Ka5 38. a3 Bf7 39. Ne7 Rc7+
40. Kb2 Rd7 41. Nf5 Rd2+ 42. Kc3 Rxg2 43. Re7 Rf2 44. b4+ Kb6 45. Nd4 Bd5 46.
a4 Ka7 47. Re8 Bxf3 48. a5 Bc6 49. Rf8 Rf4 50. b5 Rxd4 51. b6+ Ka6 52. Kxd4
Kxa5 53. Kc5 Ka4 54. Rxf6 Bg2 55. Rf5 Bxh3 56. Rxg5 Bd7 57. Rh5 h3 58. Rh4+ Kb3
59. Kd6 Bc6 60. Rxh3+ Kb4 61. Kc7 Ka4 62. Rh8 Bd5 63. Rd8 1-0

[Event "ICS rated standard match"]
[Site "204.178.125.65"]
[Date "2000.05.28"]
[Round "?"]
[White "JZInsomniac"]
[Black "Hossa"]
[Result "1-0"]
[WhiteElo "2577"]
[BlackElo "2309"]
[PlyCount "89"]
[EventDate "2000.??.??"]

1. e4 c5 2. Nf3 Nc6 3. d4 cxd4 4. Nxd4 g6 5. Nc3 Bg7 6. Be3 d6 7. Bc4 Bd7 8.
O-O Nf6 9. Qe2 O-O 10. Rad1 Ng4 11. Nxc6 bxc6 12. Bg5 Rb8 13. Bb3 Bxc3 14. bxc3
h6 15. Bd2 g5 16. h3 Nf6 17. f4 Qb6+ 18. Be3 Qb5 19. Qe1 Qa5 20. fxg5 hxg5 21.
Bd4 Nh5 22. e5 dxe5 23. Bxe5 Rb5 24. Qe4 e6 25. Rxf7 Rxf7 26. Qg6+ Rg7 27. Bxg7
Nf4 28. Qh6 Qc7 29. Kh1 Nh5 30. Qh8+ Kf7 31. Rf1+ Qf4 32. Rxf4+ gxf4 33. Be5
Kg6 34. Qg8+ Kf5 35. Bh8 Ng3+ 36. Kg1 Ne2+ 37. Kf2 Ke4 38. Bxe6 Ng3 39. Bf5+
Nxf5 40. Qc4+ Nd4 41. Qd3+ Kd5 42. Qxd4+ Ke6 43. Qf6+ Kd5 44. Qe5+ Kc4 45. Qd4#
{Hossa checkmated} 1-0

[Event "ICS rated standard match"]
[Site "204.178.125.65"]
[Date "2000.05.28"]
[Round "?"]
[White "harimau"]
[Black "Hossa"]
[Result "1-0"]
[WhiteElo "2687"]
[BlackElo "2306"]
[PlyCount "113"]
[EventDate "2000.??.??"]

1. e4 c5 2. Nc3 Nc6 3. g3 g6 4. Bg2 Bg7 5. d3 d6 6. f4 Nf6 7. Nf3 O-O 8. O-O
Kh8 9. a3 Nd4 10. h3 Nh5 11. Kh2 f5 12. exf5 gxf5 13. Nxd4 cxd4 14. Qxh5 dxc3
15. bxc3 Bxc3 16. Rb1 Qc7 17. Bb2 e6 18. Bxc3+ Qxc3 19. Bxb7 Rb8 20. Bg2 Rxb1
21. Rxb1 Qxc2 22. Rb8 Qc3 23. Ra8 Qd4 24. Qg5 Re8 25. a4 a6 26. a5 d5 27. Qh5
Rf8 28. Qe2 Rg8 29. Qe1 Qg7 30. Rb8 h6 31. Qe5 Qxe5 32. fxe5 Bd7 33. Rb6 Re8
34. Rxa6 Bb5 35. Rb6 Bxd3 36. a6 Kg7 37. a7 Ra8 38. Rb7+ Kg6 39. Re7 f4 40.
gxf4 Kf5 41. Rf7+ Kg6 42. Rf6+ Kg7 43. Rxe6 Rxa7 44. Bxd5 Rd7 45. Bf3 Bf5 46.
Rf6 Rd3 47. Rxf5 Rxf3 48. e6 Re3 49. Rf7+ Kg8 50. f5 h5 51. h4 Re4 52. Kg3 Rg4+
53. Kf3 Rxh4 54. f6 Rg4 55. Ra7 Rg6 56. Ra8+ Kh7 57. f7 {Hossa resigns} 1-0

[Event "ICS rated blitz match"]
[Site "204.178.125.65"]
[Date "2000.05.28"]
[Round "?"]
[White "PostModernist"]
[Black "Hossa"]
[Result "1-0"]
[WhiteElo "2733"]
[BlackElo "2459"]
[PlyCount "76"]
[EventDate "2000.??.??"]

1. d4 d5 2. Nf3 Nf6 3. e3 g6 4. c4 Bg7 5. Nc3 c6 6. Bd3 O-O 7. O-O Na6 8. cxd5
cxd5 9. Qb3 Nc7 10. Bd2 b6 11. Rfc1 Bb7 12. a4 Rb8 13. Ne5 Ne4 14. Bxe4 dxe4
15. a5 Bxe5 16. dxe5 bxa5 17. Nb1 Ba6 18. Qa3 Qd7 19. Qxa5 Rb6 20. Bc3 Nb5 21.
Bb4 Rc8 22. Nc3 Nxc3 23. Bxc3 Rc7 24. Bd4 Rbc6 25. Rxc6 Rxc6 26. b4 Qc8 27. h4
Qd7 28. Kh2 Bb7 29. Qxa7 Rc8 30. Qb6 Bd5 31. Qa5 e6 32. Qb6 Rc4 33. Ra7 Qc8 34.
Qd6 Qe8 35. Bc5 Bc6 36. Re7 Qa8 37. Rc7 Bb5 38. Qe7 Qe8 {Hossa resigns} 1-0

[Event "ICS rated blitz match"]
[Site "204.178.125.65"]
[Date "2000.05.28"]
[Round "?"]
[White "Hossa"]
[Black "PostModernist"]
[Result "0-1"]
[WhiteElo "2454"]
[BlackElo "2738"]
[PlyCount "85"]
[EventDate "2000.??.??"]

1. d4 Nf6 2. c4 e6 3. Nf3 b6 4. g3 Ba6 5. b3 d5 6. cxd5 exd5 7. Bg2 Bb4+ 8. Bd2
Bxd2+ 9. Qxd2 O-O 10. Nc3 Re8 11. Ne5 c5 12. O-O Bb7 13. a3 Nbd7 14. Nd3 cxd4
15. Nb5 Ne4 16. Qb2 a6 17. Nxd4 Qf6 18. e3 Ndc5 19. Nf4 Ne6 20. Nfxe6 fxe6 21.
Bxe4 dxe4 22. Qa2 Rf8 23. Rad1 Rad8 24. Qb1 e5 25. Ne2 Rd3 26. Qc2 Qf3 27. Nc1
Rc8 28. Qe2 Qxe2 29. Nxe2 Rxb3 30. Ra1 Rc2 31. Nc1 Rbb2 32. g4 Bc6 33. a4 b5
34. a5 b4 35. Kh1 Bb5 36. Rg1 Rxf2 37. Rg3 Rxh2+ 38. Kg1 Rhf2 39. Kh1 g5 40.
Nb3 Rf3 41. Rxf3 exf3 42. Nc5 f2 43. Rc1 {Hossa resigns} 0-1

[Event "ICS rated standard match"]
[Site "204.178.125.65"]
[Date "2000.05.28"]
[Round "?"]
[White "Hossa"]
[Black "Amateur"]
[Result "1-0"]
[WhiteElo "2303"]
[BlackElo "2333"]
[PlyCount "109"]
[EventDate "2000.??.??"]

1. d4 d5 2. Nf3 Nf6 3. e3 c6 4. Bd2 Qb6 5. b3 Bg4 6. c4 Nbd7 7. h3 Bxf3 8. gxf3
dxc4 9. bxc4 e5 10. dxe5 Nxe5 11. f4 Ng6 12. Bd3 Nh4 13. Bc3 Rd8 14. O-O Qc7
15. Kh2 Qd6 16. Bc2 Qe6 17. Nd2 Be7 18. Rb1 Rd7 19. Rb3 O-O 20. e4 b6 21. f5
Qd6+ 22. e5 Qc7 23. f4 Qd8 24. exf6 Bxf6 25. Rf2 Bxc3 26. Rxc3 Qf6 27. Rg3 Rfd8
28. Ne4 Qh6 29. Qg4 Kh8 30. Qg5 Qxg5 31. fxg5 g6 32. fxg6 hxg6 33. Rg4 Nf5 34.
Nf6 Rd2 35. Rgf4 Ne3 36. Bb3 Kg7 37. Kg1 R2d4 38. Rxd4 Rxd4 39. Re2 Rd3 40. Kf2
Nf5 41. Re8 Nh6 42. gxh6+ Kxh6 43. Ke2 Rg3 44. Ra8 Rg2+ 45. Kf1 Rg3 46. Ng4+
Kg5 47. Nf2 Rf3 48. Rxa7 c5 49. Kg2 Re3 50. Rxf7 Re8 51. Kf3 Rb8 52. Kg3 Rh8
53. h4+ Rxh4 54. Nh3+ Rxh3+ 55. Kxh3 {Amateur resigns} 1-0

[Event "ICS rated standard match"]
[Site "204.178.125.65"]
[Date "2000.05.28"]
[Round "?"]
[White "Amateur"]
[Black "Hossa"]
[Result "1/2-1/2"]
[WhiteElo "2316"]
[BlackElo "2320"]
[PlyCount "158"]
[EventDate "2000.??.??"]

1. e4 e6 2. d4 a6 3. Nf3 c5 4. d5 d6 5. Nc3 e5 6. Bc4 b5 7. Bd3 Nf6 8. Be3 Be7
9. O-O O-O 10. a4 c4 11. Be2 b4 12. Na2 Nxe4 13. Nxb4 c3 14. bxc3 Nxc3 15. Qd2
Nxe2+ 16. Qxe2 a5 17. Na2 Qc7 18. Rfb1 Ba6 19. Qd2 Rc8 20. Bb6 Qxc2 21. Qxc2
Rxc2 22. Bxa5 Rc4 23. Nc3 Bc8 24. Nd2 Rd4 25. Nb5 Rxd5 26. Nc4 Nd7 27. Bb4 Rd3
28. Ncxd6 Rb8 29. Nf5 Bxb4 30. Rxb4 Kf8 31. Rc1 Ba6 32. g3 Nf6 33. Rbb1 Rd7 34.
Nfd6 Ke7 35. Nf5+ Kf8 36. Rc6 Bxb5 37. Rxb5 Rxb5 38. axb5 Ne8 39. b6 Rd1+ 40.
Kg2 Rb1 41. g4 g6 42. Ne3 Ke7 43. Nc4 f6 44. h4 Kd7 45. Rc5 Rb4 46. f3 Kd8 47.
g5 f5 48. Rd5+ Kc8 49. Rxe5 Ng7 50. Rc5+ Kd8 51. Rd5+ Ke7 52. Nd6 Kd7 53. Rd2
Kc6 54. Nc8 Kb7 55. Ne7 Rxb6 56. Rd7+ Ka6 57. Nd5 Rb7 58. Rxb7 Kxb7 59. Nf6 Kc6
60. Nxh7 Ne6 61. Kg3 Kd6 62. h5 gxh5 63. Kh4 Nf4 64. Nf6 Ke7 65. Nxh5 Ne6 66.
g6 Kf8 67. Ng3 Kg7 68. Nxf5+ Kxg6 69. Kg4 Kf6 70. Ng3 Nd4 71. f4 Ne6 72. Nh5+
Kf7 73. f5 Nd4 74. f6 Ne6 75. Kf5 Nd4+ 76. Ke4 Ne6 77. Ke5 Ng5 78. Kf5 Nh7 79.
Ke5 Nxf6 1/2-1/2

[Event "ICS rated standard match"]
[Site "204.178.125.65"]
[Date "2000.05.28"]
[Round "?"]
[White "Hossa"]
[Black "jcook166"]
[Result "0-1"]
[WhiteElo "2320"]
[BlackElo "2211"]
[PlyCount "154"]
[EventDate "2000.??.??"]

1. d4 Nf6 2. c4 e6 3. Nf3 c5 4. g3 cxd4 5. Nxd4 Nc6 6. Bg2 Qb6 7. Nb5 d5 8.
cxd5 exd5 9. N1c3 a6 10. Be3 Qa5 11. Nd4 Bb4 12. O-O Bxc3 13. bxc3 O-O 14. Qb3
Re8 15. Nf3 Ne4 16. Rac1 Be6 17. Bb6 Qb5 18. Rc2 Nd6 19. e3 Nc4 20. Bd4 Qa5 21.
Re2 Rac8 22. Rc1 b5 23. Qc2 Bg4 24. Ree1 Bxf3 25. Bxf3 Ne7 26. Be2 Ng6 27. Bxc4
Rxc4 28. Red1 Qc7 29. Qf5 Qc6 30. Rd2 Qe6 31. Qh5 Rec8 32. Rcd1 Ne7 33. Be5 g6
34. Qg5 Re4 35. Bf4 f6 36. Qh6 Kh8 37. f3 Ng8 38. Qh4 g5 39. Qh5 Ra4 40. e4
gxf4 41. exd5 Qe3+ 42. Kh1 fxg3 43. hxg3 Rcc4 44. d6 Rc8 45. Rh2 h6 46. d7 Rc5
47. Qxh6+ Nxh6 48. d8=Q+ Kg7 49. f4 Rh5 50. Qd7+ Kg6 51. Rxh5 Qf3+ 52. Kg1
Qxg3+ 53. Kh1 Kxh5 54. Qd5+ Kh4 55. Rf1 Ng4 56. Qd2 Ra3 57. Qc2 Qh3+ 58. Kg1
Qxf1+ 59. Kxf1 Ne3+ 60. Ke2 Nxc2 61. Kd2 Rxa2 62. Kd3 Ne1+ 63. Ke3 Ra3 64. Kd2
Nf3+ 65. Kc2 Kg4 66. Kb2 Ra4 67. Kc2 Kxf4 68. Kc1 Ra2 69. Kb1 Rh2 70. Kc1 Ke4
71. Kb1 Kd3 72. Ka1 Kxc3 73. Kb1 Kb3 74. Kc1 Kc3 75. Kb1 b4 76. Ka1 b3 77. Kb1
Rh1# {Hossa checkmated} 0-1

[Event "ICS rated blitz match"]
[Site "204.178.125.65"]
[Date "2000.05.28"]
[Round "?"]
[White "RedBear"]
[Black "Hossa"]
[Result "1-0"]
[WhiteElo "2556"]
[BlackElo "2449"]
[PlyCount "103"]
[EventDate "2000.??.??"]

1. e4 e6 2. d4 a6 3. Nf3 c5 4. Nc3 cxd4 5. Nxd4 Nc6 6. Be2 Bb4 7. O-O Bxc3 8.
bxc3 Nf6 9. Nxc6 dxc6 10. Qxd8+ Kxd8 11. Rd1+ Nd7 12. Bg5+ Kc7 13. Be7 b6 14.
Rab1 Re8 15. Bd6+ Kb7 16. e5 Ka7 17. Bh5 g6 18. Be2 h6 19. Rd4 Rg8 20. Bf3 c5
21. Rd2 Rb8 22. Bc7 b5 23. Rdd1 Nb6 24. Bxb8+ Kxb8 25. Be4 Ka7 26. Re1 Rd8 27.
Rbd1 Rxd1 28. Rxd1 Nc4 29. Rd8 Kb8 30. f4 g5 31. g3 Ne3 32. h4 gxf4 33. gxf4
Kc7 34. Rf8 Nd1 35. Rxf7+ Kd8 36. c4 Nc3 37. Bd3 b4 38. Rh7 Nxa2 39. Rxh6 Nc3
40. h5 Kd7 41. Rg6 b3 42. cxb3 Bb7 43. h6 Ne2+ 44. Kf1 Nxf4 45. Rg7+ Kc8 46. h7
Kb8 47. h8=Q+ Bc8 48. Qe8 Nh5 49. Qc6 Ng3+ 50. Ke1 Bd7 51. Rxd7 Nf5 52. Qb7# {
Hossa checkmated} 1-0

[Event "ICS rated standard match"]
[Site "204.178.125.65"]
[Date "2000.05.28"]
[Round "?"]
[White "Hossa"]
[Black "Amateur"]
[Result "0-1"]
[WhiteElo "2317"]
[BlackElo "2316"]
[PlyCount "126"]
[EventDate "2000.??.??"]

1. d4 Nf6 2. c4 g6 3. Nf3 Bg7 4. Nc3 d6 5. e4 Bg4 6. Be2 O-O 7. h3 Bxf3 8. gxf3
c5 9. d5 Qb6 10. f4 Na6 11. h4 Nd7 12. h5 Qb4 13. Qc2 Qa5 14. hxg6 fxg6 15. Bd2
Nb4 16. Qd1 Qd8 17. a3 Na6 18. Qb3 Nc7 19. Qxb7 Rb8 20. Qxa7 Rxb2 21. Rc1 Bd4
22. Nd1 Rb8 23. f5 Ra8 24. Qb7 Rb8 25. Qc6 Ne5 26. Qa4 gxf5 27. Qc2 Qd7 28. Bh6
Rf6 29. Rg1+ Rg6 30. Rxg6+ hxg6 31. Rb1 Rxb1 32. Qxb1 fxe4 33. Qxe4 Ne8 34. f4
Nf6 35. Qg2 Neg4 36. Bg5 Kg7 37. Qh3 Kf7 38. Bd3 e5 39. Be2 e4 40. Nc3 Bf2+ 41.
Kd2 Be3+ 42. Kc2 Bd4 43. Bxg4 Nxg4 44. Qh7+ Bg7 45. Kc1 Kf8 46. Qh3 Qf5 47. Nb5
e3 48. Qf1 Qe4 49. Qe2 Nf2 50. Bh6 Bxh6 51. Nc3 Qd4 52. Kc2 Bg7 53. Na4 Qa1 54.
Kb3 Qb1+ 55. Nb2 Qxb2+ 56. Qxb2 Bxb2 57. Kxb2 e2 58. Kc1 e1=Q+ 59. Kc2 Ne4 60.
f5 Qc3+ 61. Kb1 Nd2+ 62. Ka2 Qc2+ 63. Ka1 Qb1# {Hossa checkmated} 0-1

[Event "ICS rated standard match"]
[Site "204.178.125.65"]
[Date "2000.05.29"]
[Round "?"]
[White "QueenMaxima"]
[Black "Hossa"]
[Result "0-1"]
[WhiteElo "2348"]
[BlackElo "2301"]
[PlyCount "166"]
[EventDate "2000.??.??"]

1. e4 e6 2. d4 b6 3. Nf3 Bb7 4. Bd3 c5 5. c3 d5 6. e5 Nc6 7. O-O Be7 8. Bf4 Nh6
9. Bxh6 gxh6 10. Nbd2 h5 11. Re1 h4 12. h3 h6 13. Qa4 Qd7 14. dxc5 bxc5 15. Bc2
a5 16. Rad1 Ba6 17. Qg4 O-O-O 18. Qf4 Rdf8 19. Ba4 Qc7 20. Nb3 Nd8 21. Nxh4 Bg5
22. Qg4 Rfg8 23. f4 Be7 24. Qh5 Bg5 25. f5 Bc4 26. fxe6 fxe6 27. Kh1 Rh7 28.
Nf3 Bf4 29. Nbd2 Bd3 30. Nb1 Qg7 31. g4 Be4 32. Nbd2 Bxd2 33. Rxe4 dxe4 34.
Nxd2 e3 35. Nc4 Qb7+ 36. Kg1 Qf3 37. Qh4 e2 38. Re1 Rf8 39. Nd6+ Kb8 40. Bb5 c4
41. Bxc4 Qe3+ 42. Kg2 Qxe5 43. Qg3 Rf4 44. Bd3 Rd7 45. Nc4 Qd5+ 46. Kh2 e5 47.
Bxe2 Rxc4 48. Bxc4 Qxc4 49. Qxe5+ Qc7 50. Qxc7+ Kxc7 51. Re2 Nc6 52. h4 Rd5 53.
Kg3 Kd7 54. Kf4 Ne7 55. Ke4 Rd1 56. c4 Nc6 57. Kf4 Rd4+ 58. Re4 Rd2 59. Kf5
Rxb2 60. Kg6 Rxa2 61. Kxh6 a4 62. g5 a3 63. Re3 Rh2 64. h5 a2 65. Ra3 Kd6 66.
g6 Kc5 67. g7 Ne7 68. Ra4 Kd4 69. Kg5 Rg2+ 70. Kf6 Ng8+ 71. Kf7 Nh6+ 72. Ke6
Kc3 73. Ra6 Kxc4 74. Kf6 Kb3 75. Rb6+ Kc3 76. Ra6 Kb2 77. Rb6+ Kc1 78. Ra6 Kb1
79. Rb6+ Ka1 80. Ke5 Ng8 81. h6 Nxh6 82. Rxh6 Rxg7 83. Rh1+ Kb2 {
QueenMaxima resigns} 0-1